[Event "HUN-chT 0506"]
[Site "Hungary"]
[Date "2006.04.09"]
[Round "10"]
[White "Krutti, Valer"]
[Black "Hever, Miklos"]
[Result "1-0"]
[WhiteElo "2381"]
[BlackElo "2279"]
[PlyCount "57"]
[EventDate "2005.10.16"]
[EventType "team"]
[EventRounds "11"]
[EventCountry "HUN"]
[SourceTitle "EXT 2007"]
[Source "ChessBase"]
[SourceDate "2006.11.23"]
[SourceVersion "1"]
[SourceVersionDate "2006.11.23"]
[SourceQuality "1"]

1. Nf3 c5 2. g3 g6 3. Bg2 Bg7 4. c4 Nc6 5. 0-0 d6 6. Nc3 Bd7 7. e3 Nf6 8. b3 0-0 9. Bb2 Bf5 10. d4 Qd7 11. Re1 Bg4 12. d5 Nb4 13. e4 e5 14. dxe6 fxe6 15. e5 dxe5 16. h3 Bxf3 17. Qxf3 e4 18. Qe2 Nd3 19. Red1 Qe7 20. Rab1 Rad8 21. Ba1 b6 22. Rf1 Rd4 23. Nxe4 Nxe4 24. Bxe4 Nxf2 25. Rxf2 Rxf2 26. Kxf2 Rxe4 27. Qxe4 Bxa1 28. Re1 Kf7 29. Rxa1 1-0

[Event "HUN-chT 0506"]
[Site "Hungary"]
[Date "2006.02.12"]
[Round "7"]
[White "Hever, Miklos"]
[Black "Simonyi, Zoltan"]
[Result "0-1"]
[WhiteElo "2279"]
[BlackElo "2237"]
[PlyCount "94"]
[EventDate "2005.10.16"]
[EventType "team"]
[EventRounds "11"]
[EventCountry "HUN"]
[SourceTitle "EXT 2007"]
[Source "ChessBase"]
[SourceDate "2006.11.23"]
[SourceVersion "1"]
[SourceVersionDate "2006.11.23"]
[SourceQuality "1"]

1. Nf3 d5 2. c4 e6 3. g3 Nf6 4. Bg2 Be7 5. 0-0 0-0 6. b3 c5 7. Bb2 Nc6 8. cxd5 Nxd5 9. Nc3 Bf6 10. Rc1 Nde7 11. Na4 Bxb2 12. Nxb2 Qd6 13. Qc2 b6 14. Ng5 f5 15. Nc4 Qc7 16. Qb2 Bd7 17. a3 b5 18. Ne3 Qd6 19. Qc3 Nd4 20. Qxc5 Qxc5 21. Rxc5 Rac8 22. Rxc8 Nxe2+ 23. Kh1 Rxc8 24. Nf3 Nc6 25. Nc2 Na5 26. Ncd4 Nxd4 27. Nxd4 e5 28. Bd5+ Kf8 29. Ne6+ Ke7 30. Nxg7 Kd6 31. Bg2 Nxb3 32. Bh3 Nd4 33. f4 e4 34. Bg2 Rc2 35. Rd1 Ra2 36. g4 fxg4 37. Bxe4 Rxa3 38. f5 Ke5 39. Re1 Kf6 40. Nh5+ Kg5 41. f6 Be6 42. Rf1 Nf3 43. Ng3 Kxf6 44. d4 Bc4 45. Rd1 Ra2 46. Bxf3 gxf3 47. d5 Bxd5 0-1

[Event "HUN-chT 0506"]
[Site "Hungary"]
[Date "2005.10.16"]
[Round "1"]
[White "Nagy, Daniel"]
[Black "Hever, Miklos"]
[Result "0-1"]
[WhiteElo "2254"]
[BlackElo "2279"]
[PlyCount "76"]
[EventDate "2005.10.16"]
[EventType "team"]
[EventRounds "11"]
[EventCountry "HUN"]
[SourceTitle "EXT 2007"]
[Source "ChessBase"]
[SourceDate "2006.11.23"]
[SourceVersion "1"]
[SourceVersionDate "2006.11.23"]
[SourceQuality "1"]

1. d4 Nf6 2. c4 c5 3. d5 e6 4. Nc3 exd5 5. cxd5 d6 6. e4 g6 7. f4 Bg7 8. Bb5+ Nfd7 9. Nf3 0-0 10. a4 Re8 11. 0-0 a6 12. Bd3 Nf6 13. h3 Nbd7 14. Re1 Qc7 15. Nd2 Nh5 16. Nc4 Bd4+ 17. Kh2 Nb6 18. Bd2 Nxc4 19. Bxc4 Bf2 20. Rf1 Bg3+ 21. Kg1 Bd7 22. Qf3 b5 23. axb5 axb5 24. Nxb5 Bxb5 25. Bxb5 Rxa1 26. Rxa1 Rb8 27. Bc6 Rxb2 28. Bc3 Rb8 29. f5 Qb6 30. Rf1 c4+ 31. Kh1 Qc7 32. fxg6 hxg6 33. Qg4 Rb3 34. Be1 Rb1 35. Bxg3 Nxg3+ 36. Qxg3 Rxf1+ 37. Kh2 Qe7 38. Qc3 Qxe4 0-1

[Event "HUN-chT2 Maroczy 0405"]
[Site "Hungary"]
[Date "2004.12.05"]
[Round "4"]
[White "Mihok, Laszlo"]
[Black "Hever, Miklos"]
[Result "0-1"]
[WhiteElo "2262"]
[BlackElo "2283"]
[PlyCount "84"]
[EventDate "2004.09.26"]
[EventType "team"]
[EventRounds "11"]
[EventCountry "HUN"]
[SourceTitle "EXT 2008"]
[Source "ChessBase"]
[SourceDate "2007.11.25"]
[SourceVersion "1"]
[SourceVersionDate "2007.11.25"]
[SourceQuality "1"]
[WhiteTeam "Penzugyor"]
[BlackTeam "Lang"]
[WhiteTeamCountry "HUN"]
[BlackTeamCountry "HUN"]

1. d4 Nf6 2. Bg5 d5 3. e3 Bf5 4. Bxf6 exf6 5. Bd3 Qd7 6. Ne2 Nc6 7. c3 Bd6 8. Ng3 Bxg3 9. hxg3 0-0-0 10. Qc2 Ne7 11. Nd2 h6 12. 0-0-0 Bxd3 13. Qxd3 Qa4 14. Nb3 Rd6 15. e4 Qxa2 16. Nd2 Rb6 17. Qb1 Qxb1+ 18. Kxb1 Re8 19. Rhe1 Re6 20. Kc2 Ng6 21. Kd3 f5 22. e5 f4 23. g4 f6 24. c4 dxc4+ 25. Nxc4 fxe5 26. d5 Ra6 27. Ke4 b5 28. d6 Kd7 29. dxc7+ Kxc7 30. Na3 Ra4+ 31. Kd5 a6 32. Kc5 e4 33. Rd6 Re5+ 34. Rd5 Re6 35. Nxb5+ axb5 36. Red1 Ne5 37. Kxb5 Ra8 38. Kc5 Nd3+ 39. Kd4 Nxf2 40. Rc1+ Rc6 41. Rxc6+ Kxc6 42. Rf5 e3 0-1

[Event "HUN-chT2 Erkel 0304"]
[Site "Hungary"]
[Date "2004.03.21"]
[Round "9"]
[White "Gal, Gabor"]
[Black "Hever, Miklos"]
[Result "1/2-1/2"]
[WhiteElo "2175"]
[BlackElo "2271"]
[PlyCount "119"]
[EventDate "2003.09.28"]
[EventType "team"]
[EventRounds "11"]
[EventCountry "HUN"]
[SourceTitle "EXT 2009"]
[Source "ChessBase"]
[SourceDate "2008.11.26"]
[SourceVersion "1"]
[SourceVersionDate "2008.11.26"]
[SourceQuality "1"]
[WhiteTeam "Garancia"]
[BlackTeam "Lang"]
[WhiteTeamCountry "HUN"]
[BlackTeamCountry "HUN"]

1. d4 Nf6 2. Nc3 e6 3. g3 d5 4. Bg2 c5 5. e3 Nc6 6. Nf3 a6 7. 0-0 b5 8. Ne2 Qc7 9. c3 Bb7 10. Nf4 Bd6 11. Nd3 c4 12. Nf4 0-0 13. Nd2 Rad8 14. Qc2 g5 15. Nh3 h6 16. f4 g4 17. Nf2 Ne7 18. e4 dxe4 19. Ndxe4 Nxe4 20. Bxe4 f5 21. Bxb7 Qxb7 22. Qe2 Rf6 23. Bd2 h5 24. h4 Nd5 25. Rad1 Rc8 26. a3 Kf7 27. Rc1 Rg6 28. Nd1 Rgg8 29. Re1 Rce8 30. Nf2 Qc7 31. Rf1 Re7 32. Rce1 Qa5 33. Nd1 Qa4 34. Bc1 a5 35. Ne3 Nf6 36. Kh2 Qb3 37. Qd1 Nd5 38. Nc2 b4 39. axb4 axb4 40. cxb4 Bxb4 41. Nxb4 Nxb4 42. Re3 Qc2+ 43. Kg1 Qxd1 44. Rxd1 Rd7 45. Rc3 Nd5 46. Ra3 c3 47. Rd3 c2 48. Kf1 Nf6 49. Ra4 Ne4 50. Ke2 Rb7 51. Re3 Kf6 52. Rd3 Rb5 53. Re3 Rgb8 54. Rc4 Rxb2 55. Rxe4 fxe4 56. Bxb2 Rxb2 57. Kd2 Rb3 58. Kxc2 Rxg3 59. Rc5 Rd3 60. Ra5 1/2-1/2

[Event "HUN-chT2 0102"]
[Site "Hungary"]
[Date "2002.04.21"]
[Round "11"]
[White "Hever, Miklos"]
[Black "Gosztola, Istvan"]
[Result "1-0"]
[WhiteElo "2243"]
[BlackElo "2205"]
[PlyCount "57"]
[EventDate "2001.??.??"]
[EventType "team"]
[EventRounds "11"]
[EventCountry "HUN"]
[SourceTitle "EXT 2004"]
[Source "ChessBase"]
[SourceDate "2003.11.25"]
[SourceVersion "1"]
[SourceVersionDate "2003.11.25"]
[SourceQuality "1"]

1. Nf3 Nf6 2. c4 b6 3. g3 e6 4. Bg2 Bb7 5. 0-0 c5 6. Nc3 Be7 7. b3 0-0 8. Bb2 d6 9. d4 cxd4 10. Qxd4 Nc6 11. Qf4 a6 12. Rfd1 Qc7 13. Rac1 Rad8 14. Nd5 exd5 15. cxd5 Qd7 16. dxc6 Bxc6 17. Nd4 Bxg2 18. Kxg2 Qb7+ 19. Qf3 Rd7 20. Nf5 Re8 21. Qxb7 Rxb7 22. Rxd6 Bxd6 23. Nxd6 Rbb8 24. Nxe8 Rxe8 25. e3 Re6 26. Rc8+ Ne8 27. a4 Kf8 28. Rb8 Ke7 29. Rb7+ 1-0

[Event "HUN-chT2 0102"]
[Site "Hungary"]
[Date "2002.01.13"]
[Round "5"]
[White "Biro, Andras"]
[Black "Hever, Miklos"]
[Result "0-1"]
[WhiteElo "2300"]
[BlackElo "2243"]
[PlyCount "82"]
[EventDate "2001.??.??"]
[EventType "team"]
[EventRounds "11"]
[EventCountry "HUN"]
[SourceTitle "EXT 2004"]
[Source "ChessBase"]
[SourceDate "2003.11.25"]
[SourceVersion "1"]
[SourceVersionDate "2003.11.25"]
[SourceQuality "1"]

1. e4 c5 2. Nf3 e6 3. d4 cxd4 4. Nxd4 Nf6 5. Nc3 d6 6. Be3 Be7 7. Be2 a6 8. 0-0 0-0 9. f4 Qc7 10. a4 b6 11. Bf3 Bb7 12. Qe1 Nc6 13. Nxc6 Bxc6 14. Qg3 d5 15. exd5 exd5 16. Qf2 Rab8 17. Ne2 Rfe8 18. Bd4 Ne4 19. Bxe4 dxe4 20. f5 Bd6 21. Qh4 f6 22. Nf4 Be5 23. c3 Bxd4+ 24. cxd4 Qd6 25. Rfd1 e3 26. Ne6 Bd5 27. Qg3 Qxg3 28. hxg3 Bxe6 29. fxe6 Rxe6 30. Rd3 Rd8 31. Kf1 Re4 32. d5 Re5 33. Rc1 Rdxd5 34. Rxd5 Rxd5 35. Rc6 Rd1+ 36. Ke2 Rd2+ 37. Kxe3 Rxb2 38. Kd4 Rxg2 39. Rxb6 Rxg3 40. Rxa6 h5 41. a5 h4 0-1

[Event "HUN-chT3 0001"]
[Site "Hungary"]
[Date "2001.02.25"]
[Round "7.2"]
[White "Horvath, Gabor"]
[Black "Hever, Miklos"]
[Result "1/2-1/2"]
[WhiteElo "2265"]
[BlackElo "2250"]
[PlyCount "94"]
[EventDate "2000.10.29"]
[EventType "team"]
[EventRounds "11"]
[EventCountry "HUN"]
[SourceTitle "EXT 2007"]
[Source "ChessBase"]
[SourceDate "2006.11.23"]
[SourceVersion "1"]
[SourceVersionDate "2006.11.23"]
[SourceQuality "1"]

1. e4 c5 2. Nc3 d6 3. f4 Nc6 4. Nf3 g6 5. Bc4 Bg7 6. 0-0 e6 7. f5 exf5 8. d3 Nge7 9. Qe1 a6 10. a4 h6 11. Kh1 g5 12. exf5 Bxf5 13. Nh4 gxh4 14. Rxf5 Ne5 15. Rh5 Qd7 16. Nd5 Nxd5 17. Bxd5 0-0-0 18. Qxh4 Rde8 19. Bd2 Ng6 20. Qf2 Re7 21. Bc3 Bxc3 22. bxc3 Rhe8 23. h3 Re5 24. Rxe5 Nxe5 25. Rb1 Nc6 26. Qf6 Nd8 27. Qxh6 Re2 28. Qh8 Kc7 29. Qh5 Rxc2 30. Qf3 Rxc3 31. Bxb7 Qxa4 32. Qf5 Qd7 33. Qe4 Qe6 34. Qf3 a5 35. Bd5 Qg6 36. Be4 Qg5 37. Qf2 a4 38. Qb2 Rb3 39. Qa2 Rxb1+ 40. Qxb1 a3 41. Qa1 d5 42. Bf3 Kd6 43. Qxa3 Ne6 44. Qa6+ Ke5 45. Qb7 Qc1+ 46. Kh2 Qf4+ 47. Kh1 Qc1+ 1/2-1/2

[Event "HUN-chT 9899"]
[Site "Hungary"]
[Date "1998.??.??"]
[Round "?"]
[White "Galyas, Miklos"]
[Black "Hever, Miklos"]
[Result "1-0"]
[WhiteElo "2440"]
[BlackElo "2265"]
[PlyCount "31"]
[EventDate "1998.??.??"]
[EventType "team"]
[EventRounds "12"]
[EventCountry "HUN"]
[SourceTitle "EXT 2000"]
[Source "ChessBase"]
[SourceDate "1999.11.16"]
[SourceVersion "1"]
[SourceVersionDate "1999.11.16"]
[SourceQuality "1"]

1. e4 c5 2. c3 b6 3. d4 Bb7 4. Bd3 d6 5. Nf3 Nd7 6. 0-0 e5 7. dxe5 Nxe5 8. Nxe5 dxe5 9. Bb5+ Ke7 10. Qh5 Qc7 11. f4 f6 12. Na3 g6 13. Qf3 Bh6 14. fxe5 Qxe5 15. Bxh6 Nxh6 16. Qh3 1-0

[Event "HUN-chT 9899"]
[Site "Hungary"]
[Date "1998.??.??"]
[Round "?"]
[White "Szabo, Virag"]
[Black "Hever, Miklos"]
[Result "1-0"]
[WhiteElo "2095"]
[BlackElo "2265"]
[PlyCount "59"]
[EventDate "1998.??.??"]
[EventType "team"]
[EventRounds "12"]
[EventCountry "HUN"]
[SourceTitle "EXT 2000"]
[Source "ChessBase"]
[SourceDate "1999.11.16"]
[SourceVersion "1"]
[SourceVersionDate "1999.11.16"]
[SourceQuality "1"]

1. e4 c5 2. c3 b6 3. d4 Bb7 4. Bd3 e6 5. Nf3 Nf6 6. e5 Nd5 7. Be4 b5 8. Qb3 c4 9. Qxb5 Qc7 10. Nbd2 Ba6 11. Qa4 Be7 12. 0-0 0-0 13. Qc2 h6 14. Re1 Nc6 15. Qd1 Rad8 16. Bb1 d6 17. Qc2 g6 18. Ne4 Kg7 19. Ng3 Rh8 20. h4 dxe5 21. dxe5 Rd7 22. Qe4 Nb6 23. Qg4 Rd5 24. Nh5+ Kh7 25. Nf4 Rg8 26. Nxd5 exd5 27. h5 Bc8 28. hxg6+ fxg6 29. Qh5 Bf8 30. Ng5+ 1-0

[Event "HUN-chT 9697"]
[Site "Hungary"]
[Date "1996.??.??"]
[Round "2"]
[White "Pergel, Laszlo"]
[Black "Hever, Miklos"]
[Result "1-0"]
[WhiteElo "2210"]
[BlackElo "2310"]
[PlyCount "41"]
[EventDate "1996.??.??"]
[EventType "team"]
[EventRounds "12"]
[EventCountry "HUN"]
[SourceTitle "EXT 2006"]
[Source "ChessBase"]
[SourceDate "2005.11.24"]
[SourceVersion "1"]
[SourceVersionDate "2005.11.24"]
[SourceQuality "1"]
[WhiteTeam "Haladas"]
[BlackTeam "Elektromos"]
[WhiteTeamCountry "HUN"]
[BlackTeamCountry "HUN"]

1. e4 c5 2. Nf3 e6 3. Nc3 a6 4. d4 cxd4 5. Nxd4 d6 6. g3 Nf6 7. Bg2 Be7 8. 0-0 0-0 9. f4 Qc7 10. g4 Nc6 11. Nxc6 Qxc6 12. Kh1 Ne8 13. g5 b5 14. e5 d5 15. Nxd5 exd5 16. Bxd5 Qg6 17. Bxa8 Bf5 18. Bg2 Bxc2 19. Qd7 Bc5 20. f5 Qb6 21. Qd2 1-0

[Event "HUN-chT2"]
[Site "Hungary"]
[Date "1996.??.??"]
[Round "?"]
[White "Rostas, Zoltan Jr"]
[Black "Hever, Miklos"]
[Result "1-0"]
[WhiteElo "2125"]
[BlackElo "2310"]
[PlyCount "71"]
[EventDate "1996.??.??"]
[EventType "team"]
[EventRounds "13"]
[EventCountry "HUN"]
[SourceTitle "EXT 2006"]
[Source "ChessBase"]
[SourceDate "2005.11.24"]
[SourceVersion "1"]
[SourceVersionDate "2005.11.24"]
[SourceQuality "1"]

1. e4 c5 2. Nc3 e6 3. g3 Nc6 4. Bg2 Nf6 5. d3 Be7 6. Nge2 d5 7. exd5 exd5 8. d4 Bf5 9. Be3 0-0 10. 0-0 Qd7 11. Re1 Rad8 12. Nf4 cxd4 13. Bxd4 Bxc2 14. Qxc2 Nxd4 15. Qd3 Bc5 16. Ncxd5 Nxd5 17. Nxd5 Nc6 18. Rad1 Rfe8 19. Qc4 Rxe1+ 20. Rxe1 Bd4 21. b4 Re8 22. Be4 a6 23. a4 Ba7 24. b5 axb5 25. axb5 Nd4 26. Qc7 Nf3+ 27. Kh1 Qxc7 28. Nxc7 Re5 29. Re2 Bb6 30. Nd5 f5 31. Bxf3 Rxe2 32. Bxe2 Bxf2 33. Ne7+ Kf7 34. Nxf5 Bc5 35. Kg2 g5 36. Kf3 1-0